Loading...
| History - European | 0 | 7 | 0 | 0 | 70 | 17 | 51.00 | 1 | 3 | 37.32 | 44.44 |
| Science - Other | 0 | 4 | 1 | 1 | 35 | 85 | 98.75 | 0 | 2 | 4.70 | 20.00 |
| History - World | 0 | 4 | 1 | 1 | 35 | 18 | 59.00 | 1 | 2 | 17.79 | 20.00 |
| Mythology | 0 | 3 | 1 | 1 | 25 | 58 | 90.33 | 0 | 1 | 5.52 | 14.44 |
| Literature - British | 0 | 2 | 0 | 0 | 20 | 16 | 40.50 | 0 | 1 | 12.61 | 14.44 |
| Science - Physics | 0 | 2 | 0 | 0 | 20 | 43 | 52.50 | 0 | 1 | 10.01 | 12.22 |
| History - American | 0 | 2 | 0 | 0 | 20 | 13 | 30.50 | 1 | 2 | 14.24 | 17.78 |
| Literature - World | 0 | 2 | 0 | 1 | 20 | 77 | 86.00 | 0 | 0 | 4.02 | 7.78 |
| Literature - American | 0 | 2 | 0 | 0 | 20 | 26 | 35.00 | 2 | 2 | 14.22 | 16.67 |
| History - Other | 0 | 2 | 1 | 0 | 15 | 62 | 80.50 | 0 | 0 | 6.17 | 8.89 |
| Current Events | 0 | 1 | 0 | 1 | 10 | 109 | 109.00 | 0 | 0 | 0.00 | 3.70 |
| Geography | 0 | 1 | 0 | 1 | 10 | 110 | 110.00 | 0 | 0 | 0.00 | 1.85 |
| Philosophy | 0 | 1 | 0 | 0 | 10 | 78 | 78.00 | 0 | 1 | 3.77 | 11.11 |
| Science - Biology | 0 | 1 | 0 | 0 | 10 | 59 | 59.00 | 0 | 0 | 4.33 | 3.33 |
| Science - Chemistry | 0 | 1 | 0 | 0 | 10 | 62 | 62.00 | 0 | 1 | 4.04 | 8.89 |
| Social Science | 0 | 1 | 1 | 1 | 5 | 97 | 97.00 | 0 | 0 | 0.00 | 1.59 |
| Fine Arts - Classical Music | 0 | 1 | 1 | 0 | 5 | 93 | 93.00 | 0 | 0 | 1.23 | 5.56 |
| Fine Arts - Other | 0 | 0 | 0 | 0 | 0 | 0.00 | 0 | 0 | 0.00 | 0.00 | |
| Popular Culture | 0 | 0 | 1 | 0 | -5 | 0.00 | 0 | 0 | 0.00 | 0.00 |